000 00281nam a22001337a 4500
008 170427b xxu||||| |||| 00| 0 eng d
020 _a0534029973
041 _aeng
080 _a343.9
100 _a13
101 _aSHM
245 _aCRIME VICTIMS
_cKARMEN.A
942 _2udc
_cBK
999 _c12294
_d12294